| 000 | 00762nam a2200229 a 4500 | ||
|---|---|---|---|
| 001 | BRCA_8697 | ||
| 005 | 20190320210353.0 | ||
| 008 | 170117s1779----sp-#######---#000-0#spa-# | ||
| 041 | _aspa | ||
| 044 | _asp | ||
| 084 |
_aBE40 _b.B68 1779 |
||
| 100 | 1 |
_aBurdaloue, Luis (S.I.) _921671 |
|
| 245 | 1 | 0 | _aTomo segundo de la quaresma del padre Luis Burdalue, de la extinguida compañía llamada de Jesús, fielmente traducidas del francés al castellano. |
| 250 | _a2a ed. | ||
| 260 |
_aMadrid _bPor Blas Roman _c1779 |
||
| 300 |
_a[4] 399 p. (t.3) _c21.8 x 15.6 cm. |
||
| 500 | _aEstado físico: lomo desprendido y algunas hojas sueltas | ||
| 650 | 1 | 4 |
_aCuaresma _921672 |
| 650 | 1 | 4 |
_aSermones _yObras anteriores a 1800 _921369 |
| 902 | _aCFM | ||
| 942 |
_2lcc _cB |
||
| 999 |
_c8350 _d8350 |
||